|
|
|
|
| LEADER |
01660nam a2200457 a 4500 |
| 001 |
nkc20091963331 |
| 003 |
CZ PrNK |
| 005 |
20090903102628.0 |
| 007 |
ta |
| 008 |
090629s2009 xr e f 000 0 cze |
| 015 |
|
|
|a cnb001963331
|
| 020 |
|
|
|a 978-80-7252-256-9
|q (brož.)
|
| 035 |
|
|
|a (OCoLC)433011904
|
| 040 |
|
|
|a ABA001
|b cze
|
| 041 |
1 |
|
|a cze
|h eng
|
| 072 |
|
7 |
|a 336.7
|x Finance
|2 Konspekt
|9 4
|
| 080 |
|
|
|a 347.72
|2 MRF
|
| 080 |
|
|
|a 364.668
|2 MRF
|
| 080 |
|
|
|a 336.7:17.024.4
|2 MRF
|
| 080 |
|
|
|a (0.062)
|2 MRF
|
| 100 |
1 |
|
|a Hill, Napoleon,
|d 1883-1970
|7 jn20000700715
|4 aut
|
| 245 |
1 |
0 |
|a Přemýšlej a zbohatni /
|c Napoleon Hill ; [editor Arthur Pell ; z anglického originálu přeložil Ondřej Novák]
|
| 250 |
|
|
|a Vyd. 1.
|
| 260 |
|
|
|a Praha :
|b Práh,
|c 2009
|
| 300 |
|
|
|a 268 s. ;
|c 21 cm
|
| 500 |
|
|
|a Obálkový podnázev: přelomový bestseller, upravený a aktualizovaný pro 21. století
|
| 650 |
0 |
7 |
|a podnikání
|7 ph115766
|2 czenas
|
| 650 |
0 |
7 |
|a bohatství
|7 ph118947
|2 czenas
|
| 650 |
0 |
7 |
|a finanční úspěch
|7 ph120243
|2 czenas
|
| 650 |
0 |
9 |
|a business
|2 eczenas
|
| 650 |
0 |
9 |
|a wealth
|2 eczenas
|
| 650 |
0 |
9 |
|a financial success
|2 eczenas
|
| 655 |
|
7 |
|a populárně-naučné publikace
|7 fd131864
|2 czenas
|
| 655 |
|
9 |
|a popular works
|2 eczenas
|
| 700 |
1 |
|
|a Pell, Arthur R.
|7 pna2008466879
|4 aut
|4 edt
|
| 856 |
4 |
1 |
|u http://www.digitalniknihovna.cz/mzk/uuid/uuid:cc406240-e576-11e3-b72e-005056827e52
|y Digitalizovaný dokument
|x NDK
|
| 910 |
2 |
|
|a BOA001
|b 2-1225.887
|
| 990 |
|
|
|a BK
|
| 995 |
|
|
|a 01
|
| 991 |
|
|
|b 200907
|c NOV
|j 336 HIL
|
| 996 |
6 |
|
|b 2610383340
|c 2-1225.887
|l MZK
|r Sklad / do 1 hodiny
|n 7
|p p.v.
|w 000946838
|u 000010
|a 1
|e BOA001
|j MZK50
|s P
|